[Event "34th Chess Olympiad (women)"]
[Site "Istanbul"]
[Date "2000.10.29"]
[Round "2.11.2"]
[White "Dekic, Biljana N"]
[Black "Sziva, Erika"]
[WhiteElo "2104"]
[BlackElo "2311"]
[WhiteCountry "AUS"]
[BlackCountry "NED"]
[Result "0-1"]

1. e4 c5 2. Nf3 e6 3. d4 cxd4 4. Nxd4 Nc6 5. Nc3 Qc7 6. Be2 a6 7. O-O Nf6 
8. Kh1 Nxd4 9. Qxd4 Bc5 10. Qd3 h5 11. f4 Ng4 12. Nd1 b5 13. c3 Bb7 14. Be3 g5 
15. Bxc5 Qxc5 16. fxg5 Qe5 17. Qg3 Qxg3 18. hxg3 Bxe4 19. Bf3 Bc6 20. a4 d5 
21. axb5 axb5 22. Rxa8+ Bxa8 23. Re1 Ke7 24. Bxg4 hxg4+ 25. Kg1 Rg8 
26. Nf2 Rxg5 27. Ra1 Bc6 28. Nd3 Kd6 29. Ra7 f5 30. Nb4 Rg8 31. Kf2 Bd7 
32. Ke3 Rc8 33. Nd3 Rc4 34. Ra6+ Bc6 35. Nf4 b4 36. Kd2 e5 37. Ne2 bxc3+ 
38. bxc3 Ra4 39. Rb6 Ra2+ 40. Ke3 Kc5 41. Rb1 Bb5 42. Nc1 Rxg2 43. Nb3+ 
0-1

[Event "34th Chess Olympiad (women)"]
[Site "Istanbul"]
[Date "2000.10.29"]
[Round "2.11.3"]
[White "Lanchava, Tea"]
[Black "Moylan, Laura"]
[WhiteElo "2000"]
[BlackElo "2076"]
[WhiteCountry "NED"]
[BlackCountry "AUS"]
[Result "0-1"]

1. d4 Nf6 2. c4 c5 3. d5 b5 4. Nf3 g6 5. Qc2 d6 6. e4 Nbd7 7. cxb5 a6 
8. Nc3 Bg7 9. Be2 O-O 10. O-O Qa5 11. Nd2 axb5 12. Bxb5 Ba6 13. Nc4 Qc7 
14. Bxa6 Rxa6 15. Qe2 Rfa8 16. f4 Qb7 17. Rd1 Nb6 18. e5 dxe5 19. Nxb6 Rxb6 
20. fxe5 Nd7 21. e6 fxe6 22. Bg5 Nf6 23. dxe6 Rxb2 24. Rd2 Rxd2 25. Bxd2 Ne4 
26. Rc1 Bd4+ 27. Kf1 Nxc3 28. Bxc3 Rf8+ 29. Ke1 Bxc3+ 30. Rxc3 Qb1+ 
31. Kd2 Qxa2+ 32. Rc2 Qa5+ 33. Ke3 Qa1 34. Rc4 Qg1+ 35. Kd3 Rf2 36. Qg4 Qf1+ 
37. Ke3 Qe1+ 38. Kd3 Qd1+ 39. Qxd1 
0-1

[Event "34th Chess Olympiad (women)"]
[Site "Istanbul"]
[Date "2000.10.29"]
[Round "2.12.1"]
[White "Danielian, Elina"]
[Black "Moser, Eva"]
[WhiteElo "2389"]
[BlackElo "2332"]
[WhiteCountry "ARM"]
[BlackCountry "AUT"]
[Result "0-1"]

1. d4 e6 2. Nf3 f5 3. g3 Nf6 4. Bg2 Be7 5. O-O O-O 6. c4 d6 7. Nc3 Qe8 8. Qc2
Qh5 9. b3 a5 10. Bb2 Na6 11. a3 Rb8 12. Rac1 c6 13. e4 e5 14. dxe5 dxe5 15.
Nxe5 Nc5 16. b4 axb4 17. axb4 Ncxe4 18. f3 Ng5 19. Nd3 Bd6 20. Ne2 Ne6 21. Rcd1
f4 22. g4 Qg5 23. Bc3 h5 24. h3 Bc7 25. Nf2 hxg4 26. hxg4 b5 27. Bxf6 Qxf6 28.
Ne4 Qe7 29. c5 Be5 30. Rfe1 Nc7 31. N2c3 Be6 32. Nd6 Bf6 33. Nce4 Bh4 34. Re2
Ra8 35. Nc3 Bg3 36. Qg6 Ra3 37. Nce4 Qh4 38. Nxg3 fxg3 39. Qh5 Qxh5 40. gxh5
Bd5 41. Re7 Ne6 42. Re1 Nf4 43. Ne8 Rf7 44. Rxf7 Bxf7 45. h6 Ra2 0-1

[Event "34th Chess Olympiad (women)"]
[Site "Istanbul"]
[Date "2000.10.29"]
[Round "2.12.2"]
[White "Mira, Helene"]
[Black "Hlgatian, Goar"]
[WhiteElo "2118"]
[BlackElo "2209"]
[WhiteCountry "AUT"]
[BlackCountry "ARM"]
[Result "0-1"]

1. d4 d5 2. c4 c6 3. Nc3 Nf6 4. Nf3 dxc4 5. a4 Bf5 6. e3 e6 7. Bxc4 Bb4 8. O-O
O-O 9. Qe2 Nbd7 10. e4 Bg6 11. e5 Nd5 12. Ne4 Be7 13. Bd2 a5 14. Rac1 Nb4 15.
Rfd1 Nb6 16. Bb3 N6d5 17. Bc4 Qb6 18. g4 Rac8 19. Kg2 Rc7 20. Kg3 Rfc8 21. Bg5
Bf8 22. Nh4 Bxe4 23. Qxe4 c5 24. dxc5 Bxc5 25. Rf1 Bd4 26. b3 Nc3 27. Qe1 Rxc4
28. bxc4 Nd3 29. Qxc3 Bxc3 30. Rxc3 Nxe5 31. c5 Qb4 32. Kg2 0-1

[Event "34th Chess Olympiad (women)"]
[Site "Istanbul"]
[Date "2000.10.29"]
[Round "2.12.3"]
[White "Aginian, Nelly"]
[Black "Krasser, Margit"]
[WhiteElo "2205"]
[BlackElo "2061"]
[WhiteCountry "ARM"]
[BlackCountry "AUT"]
[Result "1/2-1/2"]

1. e4 d5 2. exd5 Nf6 3. d4 Nxd5 4. c4 Nb6 5. Nf3 Nc6 6. c5 Nd7 7. Bc4 Nf6 8. h3
g6 9. Nc3 Bg7 10. O-O O-O 11. Re1 Na5 12. Bf1 a6 13. Bf4 Re8 14. b4 Nc6 15. Bc4
e6 16. a3 Ne7 17. Ne5 Nf5 18. d5 exd5 19. Nxd5 Be6 20. Nxf6+ Bxf6 21. Qxd8
Raxd8 22. Rac1 Bxc4 23. Nxc4 Rxe1+ 24. Rxe1 Rd4 25. Be5 Bxe5 26. Nxe5 f6 27.
Nf3 Rd3 28. Re8+ Kf7 29. Rb8 b6 30. cxb6 cxb6 31. Rb7+ Ne7 32. Rxb6 Rxa3 33. b5
axb5 34. Rxb5 1/2-1/2

[Event "34th Chess Olympiad (women)"]
[Site "Istanbul"]
[Date "2000.10.29"]
[Round "2.13.1"]
[White "Hund, Barbara"]
[Black "Mazakova, Petra"]
[WhiteElo "2292"]
[BlackElo "2319"]
[WhiteCountry "SUI"]
[BlackCountry "CZE"]
[Result "0-1"]

1. e4 c5 2. Nf3 d6 3. d4 cxd4 4. Nxd4 Nf6 5. Nc3 a6 6. f4 e6 7. Be3 b5 
8. Bd3 Bb7 9. Qf3 Nbd7 10. g4 b4 11. Nce2 e5 12. Nb3 d5 13. Ng3 Qc7 14. g5 dxe4 
15. Nxe4 Nd5 16. O-O-O exf4 17. Bd4 O-O-O 18. Qg4 Kb8 19. Qf5 Ne5 20. Rhe1 Ne3 
21. Rxe3 g6 22. Qh3 Nxd3+ 23. Rexd3 Rc8 
0-1

[Event "34th Chess Olympiad (women)"]
[Site "Istanbul"]
[Date "2000.10.29"]
[Round "2.13.2"]
[White "Jackova, Jana"]
[Black "Ramseier, Jana S"]
[WhiteElo "2358"]
[BlackElo "2156"]
[WhiteCountry "CZE"]
[BlackCountry "SUI"]
[Result "1-0"]

1. e4 g6 2. d4 Bg7 3. Nf3 d6 4. Nc3 Nf6 5. Bf4 c6 6. h3 O-O 7. Qd2 a6 8. a4 a5 
9. Bd3 Na6 10. O-O Nb4 11. Rfe1 Nd7 12. Bf1 e5 13. Be3 Qe7 14. Rac1 Re8 
15. Nb1 Nf8 16. c3 Na6 17. Na3 Be6 18. Bc4 Nc7 19. Ba2 Na6 20. Rcd1 Qc7 
21. Bd5 Rab8 22. Bf4 exf4 23. b4 h6 24. Bc4 Qe7 25. Bxa6 axb4 26. cxb4 bxa6 
27. e5 Rxb4 28. d5 cxd5 29. Rb1 Rxa4 30. Rb7 Rb4 31. Rc1 Re4 32. Rc6 Re1+ 
33. Kh2 Rxe5 34. Rxa6 g5 35. g4 
1-0

[Event "34th Chess Olympiad (women)"]
[Site "Istanbul"]
[Date "2000.10.29"]
[Round "2.13.3"]
[White "Gruenenwald, Evi"]
[Black "Ptacnikova, Lenka"]
[WhiteElo "2038"]
[BlackElo "2232"]
[WhiteCountry "SUI"]
[BlackCountry "CZE"]
[Result "1/2-1/2"]

1. d4 Nf6 2. Nf3 e6 3. c4 Bb4+ 4. Bd2 Qe7 5. g3 Nc6 6. Bg2 Bxd2+ 7. Nbxd2 d6 
8. e4 e5 9. d5 Nb8 10. O-O O-O 11. Ne1 a5 12. Nd3 g6 13. f4 Na6 14. a3 Bg4 
15. Qe1 Bc8 16. b4 Ne8 17. Qe3 Qd8 
1/2-1/2

[Event "34th Chess Olympiad (women)"]
[Site "Istanbul"]
[Date "2000.10.29"]
[Round "2.14.1"]
[White "Mateus, Martha"]
[Black "Uskova, Fliura"]
[WhiteElo "2318"]
[BlackElo "2285"]
[WhiteCountry "COL"]
[BlackCountry "KAZ"]
[Result "0-1"]

1. e4 c5 2. Nf3 e6 3. d3 Nc6 4. g3 d5 5. Nbd2 Nf6 6. Bg2 Be7 7. O-O O-O 
8. e5 Nd7 9. Re1 Re8 10. Nf1 Nf8 11. h4 f6 12. exf6 Bxf6 13. N3h2 Ne5 
14. Ne3 Nf7 15. Nhg4 Be7 16. b3 Bd7 17. Bb2 Bc6 18. d4 Nd7 19. Bh3 Bf8 
20. Ng2 e5 21. Qd2 Qc7 22. N2e3 cxd4 23. Nf1 Nc5 24. Qe2 Rad8 25. Rad1 b5 
26. Ngh2 Qb7 27. a3 Rd6 28. b4 Na4 29. Ba1 Rdd8 30. Rd3 Qb6 31. Red1 a5 
32. Qe1 axb4 33. axb4 Qb7 34. Nd2 Bxb4 35. Rb3 Bc5 36. Ndf1 Nb6 37. Qe2 e4 
38. Bf5 g6 39. Qxe4 dxe4 40. Be6 Kg7 41. Bh3 Qc7 42. Bg2 Nc4 43. h5 Qe7 
44. hxg6 hxg6 
0-1

[Event "34th Chess Olympiad (women)"]
[Site "Istanbul"]
[Date "2000.10.29"]
[Round "2.14.3"]
[White "Ortiz, Nadya"]
[Black "Sergeeva, Maria"]
[WhiteElo "2000"]
[BlackElo "2277"]
[WhiteCountry "COL"]
[BlackCountry "KAZ"]
[Result "0-1"]

1. e4 c5 2. Nc3 Nc6 3. f4 g6 4. Nf3 Bg7 5. Bc4 e6 6. O-O Nge7 7. d3 d5 
8. Bb3 O-O 9. a4 d4 10. Ne2 Na5 11. Ba2 Bd7 12. Bd2 Nac6 13. Qe1 a6 14. g4 b5 
15. Qh4 c4 16. Ng3 Nc8 17. Qh3 f5 18. gxf5 exf5 19. e5 Kh8 20. dxc4 bxc4 
21. e6 Be8 22. Bxc4 h6 23. Rae1 N8e7 24. Kh1 Qc7 25. b3 Qb7 26. Qg2 Rb8 
27. Kg1 Qb6 28. Bd3 a5 29. Qf2 Bf6 30. Bb5 Kg7 31. Ne2 Rg8 32. c3 Nd8 
33. Bxe8 Rxe8 34. Nexd4 Nd5 35. c4 Nc7 36. Be3 Qb4 37. Qg2 Kh7 38. Ng5+ Bxg5 
0-1

[Event "34th Chess Olympiad (women)"]
[Site "Istanbul"]
[Date "2000.10.29"]
[Round "2.15.1"]
[White "Socko, Monika"]
[Black "Botsari, Anna-Maria"]
[WhiteElo "2403"]
[BlackElo "2325"]
[WhiteCountry "POL"]
[BlackCountry "GRE"]
[Result "1/2-1/2"]

1. d4 d5 2. Nf3 Nc6 3. Bf4 Bg4 4. e3 e6 5. c4 Bb4+ 6. Nc3 Nf6 7. a3 Bxc3+ 
8. bxc3 O-O 9. Qc2 Qe7 10. Ne5 Nxe5 11. Bxe5 dxc4 12. Bxc4 Bf5 13. Qb3 c5 
14. O-O Rac8 15. Rac1 Ne4 16. Rfd1 Rfd8 17. f3 Nd6 18. dxc5 Rxc5 19. Bxd6 Rxd6 
20. Rxd6 Qxd6 21. Rd1 Qc7 22. Qxb7 g5 23. Qxc7 Rxc7 24. Bb5 Rxc3 25. e4 Bg6 
26. a4 Rc7 
1/2-1/2

[Event "34th Chess Olympiad (women)"]
[Site "Istanbul"]
[Date "2000.10.29"]
[Round "2.15.2"]
[White "Makropoulou, Marina"]
[Black "Radziewicz, Iweta"]
[WhiteElo "2284"]
[BlackElo "2379"]
[WhiteCountry "GRE"]
[BlackCountry "POL"]
[Result "1/2-1/2"]

1. e4 e6 2. d4 d5 3. Nc3 Nc6 4. Nf3 Nf6 5. Bg5 Be7 6. Bxf6 Bxf6 7. Bb5 O-O 
8. Bxc6 bxc6 9. O-O Rb8 10. Rb1 Be7 11. Re1 Bb7 12. a3 a5 13. Qd2 Ba8 
14. Qf4 dxe4 15. Nxe4 Rb5 16. c4 Rf5 17. Qe3 c5 18. dxc5 Bxc5 19. Nxc5 Bxf3 
20. Ne4 Bxe4 21. Qxe4 Qd2 22. Re2 Qd6 23. g3 a4 24. Qc2 Qc6 25. b4 
1/2-1/2

[Event "34th Chess Olympiad (women)"]
[Site "Istanbul"]
[Date "2000.10.29"]
[Round "2.15.3"]
[White "Dworakowska, Joanna"]
[Black "Kouvatsou, Maria"]
[WhiteElo "2371"]
[BlackElo "2223"]
[WhiteCountry "POL"]
[BlackCountry "GRE"]
[Result "1/2-1/2"]

1. e4 c5 2. Nf3 Nc6 3. d4 cxd4 4. Nxd4 Qc7 5. Nc3 e6 6. Be2 a6 7. Be3 Nf6 
8. a3 Be7 9. f4 d6 10. g4 Na5 11. g5 Nd7 12. O-O b5 13. Bg4 Nc4 14. Bc1 Bb7 
15. Kh1 O-O 16. Rf3 Nc5 17. Qe1 f5 18. gxf6ep 
1/2-1/2

[Event "34th Chess Olympiad (women)"]
[Site "Istanbul"]
[Date "2000.10.29"]
[Round "2.16.1"]
[White "Kachiani-Gersinska, Ketino"]
[Black "Baginskaite, Camilla"]
[WhiteElo "2448"]
[BlackElo "2287"]
[WhiteCountry "GER"]
[BlackCountry "USA"]
[Result "0-1"]

1. d4 Nf6 2. c4 e6 3. g3 Bb4+ 4. Bd2 c5 5. Bxb4 cxb4 6. Bg2 O-O 7. e4 d6 
8. Ne2 e5 9. Nd2 Nc6 10. d5 Nb8 11. a3 Na6 12. O-O Bg4 13. h3 Bxe2 14. Qxe2 Qb6 
15. Rfb1 Rfe8 16. h4 Nc5 17. axb4 Qxb4 18. Ra3 a5 19. Bf3 a4 20. g4 Nb3 
21. Nxb3 axb3 22. Rba1 Rxa3 23. Rxa3 Nd7 24. g5 Nc5 25. h5 Qb6 26. Qe3 Qb4 
27. Qe2 Rf8 28. Bg2 Qb6 29. Bh3 Qd8 30. Qe3 g6 31. Ra1 f6 32. hxg6 hxg6 
33. gxf6 Qxf6 34. Kg2 Kg7 35. f3 Rh8 36. Rh1 Qh4 37. Qe1 Qxe1 38. Rxe1 Nd3 
39. Rh1 Nxb2 40. Rb1 Nd3 41. Rxb3 Nf4+ 42. Kf1 Rxh3 43. Rxb7+ Kh6 44. Kf2 Rh2+ 
45. Kf1 Rc2 46. Rc7 Kg5 47. Rc6 Kh4 48. Ke1 Ng2+ 49. Kf1 Ne3+ 50. Ke1 Nxc4 
51. Kd1 Ne3+ 52. Ke1 Rxc6 53. dxc6 Nc4 
0-1

[Event "34th Chess Olympiad (women)"]
[Site "Istanbul"]
[Date "2000.10.29"]
[Round "2.16.2"]
[White "Hahn, Anna"]
[Black "Paehtz, Elisabeth"]
[WhiteElo "2257"]
[BlackElo "2343"]
[WhiteCountry "USA"]
[BlackCountry "GER"]
[Result "1-0"]

1. g3 Nf6 2. Bg2 g6 3. Nf3 Bg7 4. O-O O-O 5. c4 d6 6. Nc3 e5 7. d3 Re8 
8. Bg5 h6 9. Bxf6 Qxf6 10. Rb1 a5 11. a3 Nc6 12. b4 axb4 13. axb4 Qd8 
14. b5 Nd4 15. e3 Ne6 16. Qc2 Nc5 17. Rfd1 Bf5 18. Ne1 h5 19. Ne4 Bxe4 
20. Bxe4 h4 21. Nf3 Bf6 22. Bd5 Kg7 23. d4 exd4 24. exd4 Ne6 25. Bxb7 hxg3 
26. hxg3 Ra3 27. Rb3 Rxb3 28. Qxb3 Rh8 29. Kg2 Qd7 30. Kf1 g5 31. Ne5 Qe7 
32. Nc6 Qe8 33. Qf3 Rh2 34. Kg1 Qh8 35. Bc8 g4 36. Qxg4+ Ng5 37. Kf1 Rh1+ 
38. Ke2 Qe8+ 39. Kd2 Rh2 40. Rf1 Kf8 41. Kd3 Nh3 42. Qf3 Ng5 43. Qxf6 Qe4+ 
44. Kc3 Qxc6 45. Qxg5 Qb6 
1-0

[Event "34th Chess Olympiad (women)"]
[Site "Istanbul"]
[Date "2000.10.29"]
[Round "2.16.3"]
[White "Trabert, Bettina"]
[Black "Shahade, Jennifer"]
[WhiteElo "2259"]
[BlackElo "2238"]
[WhiteCountry "GER"]
[BlackCountry "USA"]
[Result "0-1"]

1. e4 c5 2. c3 Nf6 3. e5 Nd5 4. d4 cxd4 5. Nf3 e6 6. cxd4 d6 7. a3 Bd7 
8. Bd3 Bc6 9. O-O Nd7 10. Re1 dxe5 11. dxe5 g6 12. b4 a6 13. Ra2 Bg7 
14. Rae2 Qc7 15. Bg5 h6 16. Bd2 Ne7 17. Qc1 Rc8 18. Qb2 O-O 19. Bf4 Bxf3 
20. gxf3 Nc6 21. Kg2 Rcd8 22. Bc2 Ndxe5 23. Bb3 Nd3 24. Bxc7 Nxe1+ 
25. Rxe1 Bxb2 26. Bxd8 Rxd8 27. Re2 Bf6 28. Rd2 Rxd2 29. Nxd2 Bb2 30. Nc4 Bc1 
31. Na5 Nd4 32. a4 
0-1

[Event "34th Chess Olympiad (women)"]
[Site "Istanbul"]
[Date "2000.10.29"]
[Round "2.17.1"]
[White "Babaeva, Fanara"]
[Black "Foisor, Cristina Adela"]
[WhiteElo "2257"]
[BlackElo "2386"]
[WhiteCountry "AZE"]
[BlackCountry "ROM"]
[Result "1-0"]

1. e4 d6 2. d4 Nf6 3. Nc3 g6 4. f4 Bg7 5. Nf3 O-O 6. Bd3 Na6 7. O-O c5 
8. d5 Rb8 9. h3 Nc7 10. a4 a6 11. a5 e6 12. dxe6 fxe6 13. Be3 Qe7 14. Na4 Nd7 
15. c3 Kh8 16. Qd2 e5 17. fxe5 Nxe5 18. Nxe5 Bxe5 19. Rxf8+ Qxf8 20. Rf1 Qg8 
21. Bf4 Qe8 22. Bxe5+ Qxe5 23. Rf7 Qe8 24. Rxc7 Qxa4 25. Qf4 Bd7 26. Qf6+ Kg8 
27. Bc4+ 
1-0

[Event "34th Chess Olympiad (women)"]
[Site "Istanbul"]
[Date "2000.10.29"]
[Round "2.17.2"]
[White "Cosma, Elena Luminita"]
[Black "Alieva, Elmira"]
[WhiteElo "2360"]
[BlackElo "2240"]
[WhiteCountry "ROM"]
[BlackCountry "AZE"]
[Result "1-0"]

1. d4 f5 2. g3 Nf6 3. Bg2 g6 4. c4 Bg7 5. Nc3 d6 6. d5 a5 7. Nh3 O-O 8. Nf4 Na6 
9. O-O Nc5 10. Qc2 Bd7 11. Be3 Ng4 12. Bxc5 dxc5 13. Rad1 Qe8 14. Ne6 Bxe6 
15. dxe6 g5 16. h3 Ne5 17. Bxb7 Rb8 18. Bg2 Nxc4 19. b3 Nd6 20. Nd5 c6 
21. Nc3 c4 22. Na4 Rb4 23. Nc5 Qg6 24. e3 cxb3 25. axb3 a4 26. Nxa4 Qxe6 
27. Qxc6 Kh8 28. Nc5 Qg6 29. Qd7 Bf6 30. Qe6 Ne4 31. Bxe4 fxe4 32. Nd7 Ra8 
33. Nxf6 Qxf6 34. Qg4 Qe5 35. Rd4 Rxd4 36. exd4 Qxd4 37. Qxg5 Rg8 38. Qf4 Qd5 
39. Rc1 Ra8 40. Re1 Qxb3 
1-0

[Event "34th Chess Olympiad (women)"]
[Site "Istanbul"]
[Date "2000.10.29"]
[Round "2.17.3"]
[White "Shukurova, Meihriban"]
[Black "Ionescu-Brandis, Irina"]
[WhiteElo "2255"]
[BlackElo "2304"]
[WhiteCountry "AZE"]
[BlackCountry "ROM"]
[Result "1-0"]

1. e4 e5 2. Nf3 Nf6 3. Nxe5 d6 4. Nf3 Nxe4 5. d4 d5 6. Bd3 Bd6 7. O-O O-O 
8. c4 c6 9. Nc3 Nxc3 10. bxc3 dxc4 11. Bxc4 Bg4 12. Be2 Nd7 13. Qd3 Bh5 
14. Ng5 Bg6 15. Qh3 Qe7 16. Bc4 Nf6 17. f4 h6 18. f5 Bh5 19. Nf3 Bxf3 
20. Rxf3 b5 21. Bb3 Kh7 22. Bg5 Qd8 23. Re1 a5 24. Qh4 Re8 25. Bxf7 Rxe1+ 
26. Qxe1 Qe7 27. Bg6+ Kg8 28. Re3 Qc7 29. Bxf6 gxf6 30. Qh4 Kg7 31. Re4 b4 
32. c4 Rg8 33. c5 Bf8 34. Re6 Qd8 35. Rxc6 a4 36. d5 Qe7 37. Qg3 Qe4 
38. Rc7+ Be7 39. h3 b3 40. axb3 axb3 41. Qxb3 Ra8 42. Qg3 Kh8 43. d6 Ra1+ 
44. Kh2 Qb1 45. Rc8+ 
1-0

[Event "34th Chess Olympiad (women)"]
[Site "Istanbul"]
[Date "2000.10.29"]
[Round "2.18.1"]
[White "Batceceg, Tuvshintogs"]
[Black "Pokorna, Regina"]
[WhiteElo "2237"]
[BlackElo "2363"]
[WhiteCountry "MGL"]
[BlackCountry "SVK"]
[Result "1-0"]

1. Nf3 Nf6 2. c4 e6 3. g3 d5 4. d4 dxc4 5. Bg2 Nbd7 6. O-O c5 7. Qa4 a6 
8. Qxc4 b5 9. Qc2 Bb7 10. dxc5 Bxc5 11. a3 Rc8 12. Qd1 O-O 13. Nc3 Qb6 
14. Qe1 Rfd8 15. b4 Bd4 16. Nxd4 Bxg2 17. Kxg2 Qxd4 18. Bb2 Qc4 19. Nd1 Qc6+ 
20. Kg1 e5 21. Ne3 Qe6 22. Qb1 h6 23. Qf5 Qxf5 24. Nxf5 Rc2 25. Rab1 Rxe2 
26. Rfd1 Re8 27. Ne3 Nb6 28. Kf1 Rxe3 29. fxe3 Nc4 30. Bc1 Ng4 31. Kg1 Ngxe3 
32. Bxe3 Nxe3 33. Rd6 Nc4 34. Rxa6 e4 35. Re1 f5 36. Kf2 Rd8 37. Re2 Ne5 
38. Ra5 Nd3+ 39. Ke3 Rd5 40. Rd2 g5 41. Ra7 Re5 42. Rc2 Re8 43. Rcc7 f4+ 
44. gxf4 gxf4+ 45. Kd4 f3 46. Rg7+ Kh8 47. Ke3 f2 48. Ke2 Nc1+ 49. Kxf2 e3+ 
50. Kf3 e2 51. Rh7+ Kg8 52. Rag7+ Kf8 53. Rh8+ Kxg7 54. Rxe8 Kf7 55. Re3 Nb3 
56. Rxe2 
1-0

[Event "34th Chess Olympiad (women)"]
[Site "Istanbul"]
[Date "2000.10.29"]
[Round "2.18.2"]
[White "Hagarova, Zuzana"]
[Black "Mongontuul, Bathuyang"]
[WhiteElo "2321"]
[BlackElo "2110"]
[WhiteCountry "SVK"]
[BlackCountry "MGL"]
[Result "0-1"]

1. e4 c5 2. Nf3 Nc6 3. Nc3 g6 4. d4 cxd4 5. Nxd4 Bg7 6. Be3 Nf6 7. Bc4 O-O 
8. Bb3 d6 9. f3 Bd7 10. Qd2 Nxd4 11. Bxd4 b5 12. h4 a5 13. h5 a4 14. Bd5 e5 
15. Be3 b4 16. Ne2 Nxd5 17. Qxd5 Be6 18. Qd2 Rb8 19. Bh6 Bxh6 20. Qxh6 g5 
21. f4 f6 22. fxg5 Qe7 23. gxf6 Qxf6 24. Qxf6 Rxf6 25. Rf1 Rxf1+ 26. Kxf1 Rc8 
27. Rc1 Bxa2 28. c3 Bc4 29. Kf2 b3 30. Ra1 Bxe2 31. Kxe2 Rxc3 32. Rxa4 Rc2+ 
33. Kf3 Rxb2 34. Rb4 Kg7 35. Rb6 Rb1 36. Kg4 b2 37. Rb7+ Kf6 38. Rb6 Re1 
39. Rxb2 Rxe4+ 40. Kf3 Rf4+ 41. Kg3 Kg5 42. Rb7 Kxh5 43. Rxh7+ Kg5 44. Rd7 Rf6 
45. Rg7+ Kf5 46. Kf3 d5 47. Re7 e4+ 48. Ke3 Re6 49. Rh7 Rg6 50. Kd4 Rxg2 
51. Kxd5 Rd2+ 52. Kc4 e3 53. Rf7+ Ke4 54. Kc3 Rd6 55. Kc2 e2 56. Rh7 Ke3 
57. Re7+ Kf2 58. Rf7+ Ke1 59. Ra7 Rf6 60. Rh7 Kf1 61. Rh1+ Kg2 62. Re1 Kf2 
0-1

[Event "34th Chess Olympiad (women)"]
[Site "Istanbul"]
[Date "2000.10.29"]
[Round "2.18.3"]
[White "Anhchimeg, Bayanmonh"]
[Black "Mrvova, Alena"]
[WhiteElo "2139"]
[BlackElo "2231"]
[WhiteCountry "MGL"]
[BlackCountry "SVK"]
[Result "0-1"]

1. e4 c5 2. Nf3 d6 3. d4 cxd4 4. Nxd4 Nf6 5. Nc3 g6 6. Be3 Bg7 7. f3 O-O 
8. Qd2 Nc6 9. O-O-O Nxd4 10. Bxd4 Be6 11. g4 Qa5 12. Kb1 Rfc8 13. Nd5 Qxd2 
14. Nxf6+ Bxf6 15. Rxd2 Bxd4 16. Rxd4 Rc5 17. h4 f6 18. Be2 Rac8 19. Rd2 b5 
20. f4 R8c7 21. Bf3 b4 22. g5 Ra5 23. b3 Rc3 24. Rd3 Rac5 25. gxf6 exf6 
26. Rc1 Kf7 27. Be2 Ke7 28. Rxc3 bxc3 29. Rf1 f5 30. Bd3 fxe4 31. Bxe4 Rh5 
32. Rh1 d5 33. Bd3 Bg4 34. a4 Kd6 35. b4 Bd7 36. a5 d4 37. Ka2 Bf5 38. Be2 Bxc2 
39. Bxh5 gxh5 40. Ka3 d3 41. b5 d2 42. Kb4 d1=Q 43. Rxd1+ Bxd1 44. Kxc3 Kc5 
45. f5 Bg4 46. f6 Be6 47. b6 axb6 48. a6 Kd6 49. Kd4 Bd5 50. a7 Ba8 
0-1

[Event "34th Chess Olympiad (women)"]
[Site "Istanbul"]
[Date "2000.10.29"]
[Round "2.19.1"]
[White "Klinova, Masha"]
[Black "Nepeina-Leconte, Maria"]
[WhiteElo "2350"]
[BlackElo "2289"]
[WhiteCountry "ISR"]
[BlackCountry "FRA"]
[Result "1/2-1/2"]

1. e4 e6 2. d3 d5 3. Nd2 c5 4. Ngf3 Nc6 5. g3 g6 6. Bg2 Bg7 7. O-O Nge7 
8. Re1 b6 9. c3 h6 10. h4 a5 11. a4 Ba6 12. Nf1 Qc7 13. exd5 Nxd5 14. d4 Rd8 
15. dxc5 bxc5 16. Bd2 O-O 17. Qc1 Kh7 18. Ne3 Nf6 19. Nc2 Ng4 20. Na3 Qd7 
21. Be3 Qe7 22. Nb5 Bb7 23. Qc2 Nge5 24. Nxe5 Nxe5 25. Qe2 Bxg2 26. Kxg2 Qb7+ 
27. f3 Rd3 28. Rad1 Rfd8 29. Rxd3 Nxd3 30. Rd1 c4 31. b3 Qd5 32. bxc4 Nf4+ 
33. Bxf4 Rd6 34. c5 Bxc3 35. Rxd5 Rxd5 36. Be3 Be5 37. c6 Bc7 38. Nxc7 
1/2-1/2

[Event "34th Chess Olympiad (women)"]
[Site "Istanbul"]
[Date "2000.10.29"]
[Round "2.19.2"]
[White "Te-Lallemand, Rosa"]
[Black "Borsuk, Angela"]
[WhiteElo "2289"]
[BlackElo "2303"]
[WhiteCountry "FRA"]
[BlackCountry "ISR"]
[Result "0-1"]

1. e4 d6 2. d4 Nf6 3. Nc3 g6 4. f4 Bg7 5. Nf3 O-O 6. Bd3 Nc6 7. d5 Nb4 
8. O-O c6 9. dxc6 bxc6 10. Kh1 c5 11. Be3 Bb7 12. f5 Qc8 13. fxg6 hxg6 
14. Ng5 Ng4 15. Qe1 f6 16. Nf3 Nxe3 17. Qxe3 Qg4 18. Nd5 Rf7 19. Rae1 e5 
20. Qc1 Ba6 21. Ne3 Rb8 22. Nd2 Qh5 23. Ndc4 Bf8 24. Rf2 f5 25. exf5 gxf5 
26. Rf3 f4 27. Rh3 Qg5 28. Na5 Rg7 29. Nc6 Rb6 30. Re2 Rxc6 31. Nc4 d5 
32. Qxf4 Re6 
0-1

[Event "34th Chess Olympiad (women)"]
[Site "Istanbul"]
[Date "2000.10.29"]
[Round "2.19.3"]
[White "Tsifanskaya, Ludmila A"]
[Black "Muller, Anne"]
[WhiteElo "2220"]
[BlackElo "2135"]
[WhiteCountry "ISR"]
[BlackCountry "FRA"]
[Result "1/2-1/2"]

1. e4 c5 2. Nf3 d6 3. c3 Nf6 4. d3 b6 5. g3 Bb7 6. Bg2 g6 7. O-O Bg7 8. Re1 O-O 
9. Nbd2 e5 10. Qc2 Nc6 11. a4 Re8 12. Nc4 Rb8 13. Bg5 h6 14. Bxf6 Bxf6 
15. Ne3 Ne7 16. Rad1 Bg7 17. d4 cxd4 18. cxd4 Rc8 19. Qb1 exd4 20. Nxd4 a6 
21. Qd3 Qd7 22. b3 Qc7 23. Nc4 Rcd8 24. Nc2 Nc8 25. N2e3 b5 26. axb5 axb5 
27. Na3 Qa5 28. Nxb5 Bxe4 29. Nc7 Re7 30. Bxe4 Rxe4 31. Ned5 Rxe1+ 32. Rxe1 Bd4 
33. Rd1 Bb6 34. Nb5 Kf8 35. Nxb6 Nxb6 36. Nxd6 Ke7 37. Ne4 Ke6 38. Kg2 Ke5 
39. Kf3 f5 40. Nc5 Nd5 41. b4 Nxb4 42. Qxf5+ gxf5 43. Ke3 Kf6 44. h3 
1/2-1/2

[Event "34th Chess Olympiad (women)"]
[Site "Istanbul"]
[Date "2000.10.29"]
[Round "2.20.1"]
[White "Arribas, Maritza"]
[Black "Misanovic, Vesna"]
[WhiteElo "2300"]
[BlackElo "2384"]
[WhiteCountry "CUB"]
[BlackCountry "BIH"]
[Result "0-1"]

1. e4 e5 2. Nf3 Nc6 3. Bb5 a6 4. Bxc6 dxc6 5. Nd4 Bd7 6. Nc3 Ne7 7. f3 Ng6 
8. Nce2 Bd6 9. Ng3 h5 10. Ndf5 Be6 11. Nf1 h4 12. f4 Bxf5 13. exf5 Ne7 
14. Ne3 f6 15. c3 b6 16. g3 Nxf5 17. g4 Ng3 18. hxg3 c5 19. Rf1 f5 20. Rf3 exf4 
21. gxf4 b5 
0-1

[Event "34th Chess Olympiad (women)"]
[Site "Istanbul"]
[Date "2000.10.29"]
[Round "2.20.2"]
[White "Titova-Boric, Elena"]
[Black "Delgado, Crespo Mairelys"]
[WhiteElo "2207"]
[BlackElo "2207"]
[WhiteCountry "BIH"]
[BlackCountry "CUB"]
[Result "1-0"]

1. e4 e6 2. d4 d5 3. Nc3 Nf6 4. Bd3 dxe4 5. Nxe4 Nbd7 6. Nf3 Nxe4 7. Bxe4 Nf6 
8. Bd3 Be7 9. O-O O-O 10. Ne5 c5 11. dxc5 Bxc5 12. Bg5 Qc7 13. Bxf6 gxf6 
14. Qg4+ Kh8 15. Qh5 f5 16. Rae1 b6 17. b4 Bd6 18. Qh6 Rg8 19. Bxf5 Rg7 
20. Be4 Bb7 21. Bxb7 Qxb7 22. g3 Bxb4 23. Rd1 Qe4 24. Qf6 Kg8 25. Rd8+ Rxd8 
26. Qxd8+ Bf8 27. Nd7 Qb4 28. Rd1 Qe7 29. Qc8 Rg5 30. Nxf8 Rc5 31. Ng6+ 
1-0

[Event "34th Chess Olympiad (women)"]
[Site "Istanbul"]
[Date "2000.10.29"]
[Round "2.20.3"]
[White "Pina, Sulennis"]
[Black "Dengler, Dijana"]
[WhiteElo "2312"]
[BlackElo "2120"]
[WhiteCountry "CUB"]
[BlackCountry "BIH"]
[Result "1-0"]

1. e4 c5 2. Nf3 d6 3. d4 cxd4 4. Nxd4 Nf6 5. Nc3 a6 6. f4 e5 7. Nf3 Qc7 
8. a4 Be7 9. Bd3 Nbd7 10. O-O O-O 11. Kh1 exf4 12. Bxf4 Ne5 13. Qe1 Be6 
14. Nd4 Qd7 15. Rd1 Rac8 16. Nxe6 Qxe6 17. Ne2 Rfe8 18. Nd4 Qd7 19. Nf5 Bf8 
20. Bxe5 Rxe5 21. Qh4 Kh8 22. b3 Rc7 23. Rf3 b5 24. axb5 axb5 25. Rdf1 Qe6 
26. Nd4 Qe7 27. Nxb5 Rh5 28. Qxh5 Nxh5 29. Nxc7 f6 30. Nd5 Qd7 31. Ra1 g6 
32. Nxf6 Qg7 33. Raf1 Nxf6 34. Rxf6 Be7 35. Re6 g5 36. b4 g4 37. b5 g3 
38. h3 d5 39. exd5 
1-0